América Latina: acuerdos y divergencias en el Cono Sur

保存先:
書誌詳細
フォーマット: テキスト
言語:Spanish
主題:
タグ: タグ追加
タグなし, このレコードへの初めてのタグを付けませんか!

MARC

LEADER 00000 a a2200000 04500
001 17767
003 cru CIDCACS/IIS
005 20191202145040.0
008 191202b ||||| |||| 00| 0 spa d
999 |c 32683  |d 32683 
040 |c cru CIDCACS/IIS 
245 |a América Latina:   |b acuerdos y divergencias en el Cono Sur  
650 |a ACUERDOR INTERNACIONALES  
650 |a AMERICA DEL SUR  
773 |g volumen 2, número 4; páginas 27  
942 |2 ddc  |c PP 
773 0 |0 42391  |9 3951  |a Agencia Latinoamericana de Información, ALAI  |d Quito, Ecuador: ALAI  |o 03971  |t ALAI:  |x 08275564 (Servicio mensual de información y documentación)